Sports Quiz

Random Sports or NHL Quiz

Topps Hockey #1 Cards 1954/55-2003/04 Quiz Stats

Quiz not verified by Sporcle

Challenge
Share
Tweet
Embed
Score 0/52 Timer 06:00
0 Plays Today
Year Person/Team % Correct
1990-91Wayne Gretzky
91.5%
1992-93Wayne Gretzky
91.5%
1988-89Mario Lemieux
90.4%
1989-90Mario Lemieux
90.4%
2001-02Mario Lemieux
90.4%
1999-00Joe Sakic
89.4%
1971-72Phil Esposito
87.2%
1973-74Phil Esposito
87.2%
1974-75Phil Esposito
87.2%
1978-79Mike Bossy
87.2%
1979-80Mike Bossy
87.2%
1976-77Guy Lafleur
86.2%
1977-78Guy Lafleur
86.2%
1979-80Guy Lafleur
86.2%
1991-92Guy Lafleur
86.2%
1984-85Ray Bourque
83%
1986-87Ray Bourque
83%
2002-03Patrick Roy
83%
1977-78Marcel Dionne
81.9%
1979-80Marcel Dionne
81.9%
1998-99Peter Forsberg
81.9%
1971-72Bobby Hull
80.9%
2000-01Jaromir Jagr
80.9%
1995-96Eric Lindros
79.8%
1975-76Philadelphia Flyers
74.5%
1980-81Philadelphia Flyers
74.5%
Year Person/Team % Correct
1987-88Denis Potvin
67%
1971-72Johnny Bucyk
66%
1972-73Boston Bruins
61.7%
1985-86Lanny McDonald
60.6%
2003-04Joe Thornton
58.5%
1977-78Steve Shutt
55.3%
1976-77Reggie Leach
51.1%
1973-74Rick MacLeish
45.7%
1968-69Gerry Cheevers
41.5%
1970-71Gerry Cheevers
41.5%
1965-66Toe Blake
30.9%
1966-67Toe Blake
30.9%
1974-75Bill Goldsworthy
30.9%
1976-77Pierre Larouche
29.8%
1967-68Gump Worsley
28.7%
1969-70Gump Worsley
28.7%
1963-64Milt Schmidt
26.6%
1981-82Dave Babych
16%
1960-61Lester Patrick
13.8%
1954-55Dick Gamble
12.8%
1964-65Pit Martin
11.7%
1961-62Phil Watson
10.6%
1962-63Phil Watson
10.6%
1959-60Eric Nesterenko
9.6%
1958-59Bob Armstrong
8.5%
1957-58Real Chevrefils
6.4%

You're not logged in!

Compare scores with friends on all Sporcle quizzes.
Join for Free
OR
Log In

You Might Also Like...

Show Comments

Extras

Created Jul 28, 2016ReportNominate
Tags:Hockey Quiz, NHL Quiz, Pro Hockey

Top Quizzes Today


Score Distribution

Your Account Isn't Verified!

In order to create a playlist on Sporcle, you need to verify the email address you used during registration. Go to your Sporcle Settings to finish the process.

Report this User

Report this user for behavior that violates our Community Guidelines.

Details: